000 00628cam a22001935a 4500
001 ##J100643
008 000000s1900 000 0 eng u
035 _a(Sirsi) u100643
041 0 _aeng
050 0 4 _a942.273 $ 222
110 2 _aSurveyors' Institution
_93783
245 0 0 _aVisit of the Institution to Leeds, 25th and 26th April 1900
260 _a[S.l.]
_b[s.n.]
_c1900
300 _a15p.
_bmap
_c18cm.
520 _aPamphlet outlining the itinerary and principal objects of interest during the Institution work visit to Leeds.
651 4 _aGreat Britain
_y1707-
690 _aRICS SERVICES-RICS EVENTS
942 _n0
999 _c99731
_d99731